000 00524nam a2200205Ia 4500
005 20250425160948.0
008 250425s9999 xx 000 0 und d
041 _aeng
082 _a624.17
100 _aGAYLORD, EDWIN H.
245 0 _aDESIGN OF STEEL STRUCTURES: INCLUDING APPLICATIONS IN ALUMINUM
250 _aS.E.
260 _aEstados Unidos
_bMCGRAW-HILL
_c1957
260 _aNEW YORK
300 _a540
650 _aESTRUCTURAS DE ACERO
700 _aGAYLORD, CHARLES N.
942 _c01
010 _a9347
999 _c199706
_d199706